| 000 | 00505nam a2200169Ia 4500 | ||
|---|---|---|---|
| 999 |
_c16039 _d16039 |
||
| 003 | OSt | ||
| 005 | 20200606115846.0 | ||
| 008 | 190216s9999||||xx |||||||||||||| ||und|| | ||
| 040 | _cMESKC library | ||
| 082 |
_a891.43 _bCHA/B |
||
| 100 | 1 |
_aCandra, Sotī Vīrendra _9167 |
|
| 245 | 0 |
_aBharatiya Sanskriti Ki Sugandh / _cSoti Virendra Chandra |
|
| 260 |
_bChinmay Jnanpeed, _aDelhi : _c2000. |
||
| 300 | _a191p | ||
| 650 | _aHindi | ||
| 942 |
_cBK _2ddc _h891.43 _iCHA/B _k891.43 _mCHA/B |
||